Engineering Mechanics : (Record no. 6901)

MARC details
000 -LEADER
fixed length control field 00463nam a22001697a 4500
003 - CONTROL NUMBER IDENTIFIER
control field OSt
005 - DATE AND TIME OF LATEST TRANSACTION
control field 20210506124756.0
008 - FIXED-LENGTH DATA ELEMENTS--GENERAL INFORMATION
fixed length control field 210506b ||||| |||| 00| 0 eng d
020 ## - INTERNATIONAL STANDARD BOOK NUMBER
International Standard Book Number 9789387339279
040 ## - CATALOGING SOURCE
Original cataloging agency MUST LIB
Transcribing agency MUST
082 ## - DEWEY DECIMAL CLASSIFICATION NUMBER
Classification number 620.1 SID 2018
100 ## - MAIN ENTRY--PERSONAL NAME
Personal name Siddiquee, Arshad Noor
9 (RLIN) 14151
245 ## - TITLE STATEMENT
Title Engineering Mechanics :
Remainder of title Problems and solutions .
300 ## - PHYSICAL DESCRIPTION
Extent viiip.:
Other physical details ill. ;
Dimensions 28 cm
650 ## - SUBJECT ADDED ENTRY--TOPICAL TERM
Topical term or geographic name as entry element Mechanics, Applied
9 (RLIN) 14152
942 ## - ADDED ENTRY ELEMENTS (KOHA)
Source of classification or shelving scheme Other/Generic Classification Scheme
Koha item type Book
Holdings
Withdrawn status Lost status Source of classification or shelving scheme Damaged status Not for loan Home library Current library Date acquired Source of acquisition Inventory number Total Checkouts Full call number Barcode Date last seen Copy number Price effective from Koha item type Public note
    Other/Generic Classification Scheme     MUST Main Library MUST Main Library 06/05/2021 Purchase 21/41409   620.1 SID 2018 2021-0473 06/05/2021 01 06/05/2021 Book Material in Hard copy